Österreichische Nationalmannschaft bei der EM 2016 - Statistiken

Allgemein
  • Dieses Quiz wurde 243 mal gespielt
  • Das Durchschnittsergebnis liegt bei 14 aus 24
Antwortstatistiken
Position Spieler Verein % Korrekt
Mittelfeld David Alaba Bayern München (GER)
97%
Marko Arnautovic Stoke City (ENG)
88%
Christian Fuchs Leicester City (ENG)
85%
Marcel Sabitzer RB Leipzig (GER)
79%
Abwehr Aleksandar Dragovic Dinamo Kiev (UKR)
78%
Marc Janko FC Basel (SUI)
66%
Torhüter Robert Almer Austria Wien
66%
Sebastian Prödl Watford FC (ENG)
66%
Heinz Lindner Eintracht Frankfurt (GER)
63%
Ramazan Özcan FC Ingolstadt 04 (GER)
61%
Trainer Marcel Koller
60%
Alessandro Schöpf FC Schalke 04 (GER)
59%
Julian Baumgartlinger 1. FSV Mainz 05 (GER)
59%
Martin Hinteregger Borussia Mönchengladbach (GER)
59%
Zlatko Junuzovic Werder Bremen (GER)
55%
Kevin Wimmer Tottenham Hotspur (ENG)
51%
Martin Harnik VfB Stuttgart (GER)
50%
Sturm Lukas Hinterseer FC Ingolstadt 04 (GER)
45%
Florian Klein VfB Stuttgart (GER)
44%
Rubin Okotie TSV 1860 München (GER)
44%
Stefan Ilsanker RB Leipzig (GER)
43%
György Garics SV Darmstadt 98 (GER)
24%
Markus Suttner FC Ingolstadt 04 (GER)
22%
Jakob Jantscher FC Luzern (SUI)
18%
Keine übereinstimmenden Quizze gefunden
Verteilung der Resultate
Anzahl Personen mit jedem Resultat
Perzentil nach korrekt beantworteten Fragen
Ihre Resultats-Entwicklung
Sie haben dieses Quiz noch nicht gespielt